Find the Grumpy TV Characters Quiz Stats

 Plays Quiz Updated Jul 19, 2018

Score 0/16 Timer 04:00
0 Plays Today
% Correct
Squidward Tentacles
SpongeBob SquarePants
97.6%
Oscar the Grouch
Sesame Street
95.7%
Gregory House
House M.D.
92.5%
Moe Szyslak
The Simpsons
92.1%
Sue Sylvester
Glee
89%
Ron Swanson
Parks and Recreation
88.8%
Red Forman
That '70s Show
85.3%
Sophia Petrillo
The Golden Girls
84.2%
% Correct
Al Bundy
Married... with Children
83.9%
Harriet Oleson
Little House on the Prairie
83%
Perry Cox
Scrubs
81%
Martin Crane
Frasier
79.9%
Frank Barone
Everybody Loves Raymond
79.6%
Archie Bunker
All in the Family
79.5%
Mr. Heckles
Friends
76.7%
Ralph Kramden
The Honeymooners
73.1%

You're not logged in!

Compare scores with friends on all Sporcle quizzes.
OR
Log In

Sporcle TV

Today on Sporcle TV


Watch our educational content, quiz creation guides, and fun videos on Sporcle TV.

Show Comments

Extras

Top Quizzes Today


Score Distribution

Your Account Isn't Verified!

In order to create a playlist on Sporcle, you need to verify the email address you used during registration. Go to your Sporcle Settings to finish the process.

Report this User

Report this user for behavior that violates our Community Guidelines.

Details: